|
|
|
|
| LEADER |
00000nam a2200000 a 4500 |
| 001 |
vtls001396758 |
| 003 |
SK-MaSNL |
| 005 |
20260331204419.0 |
| 008 |
240226s2000 xo r y slo |
| 015 |
|
|
|a SNBSAB2000-00090
|
| 020 |
|
|
|a 8085169460
|
| 035 |
|
|
|a SNK000351146
|
| 035 |
|
|
|a urn:nbn:sk:snk-amklrh
|
| 035 |
|
|
|a urn:nbn:sk:snk-am003vlc
|
| 035 |
|
|
|a BB5D05E8-D6C9-4FF1-9CE7-E2C931221670
|
| 040 |
|
|
|a SNK
|b slo
|c SNK
|e AACR2
|
| 041 |
0 |
|
|a slo
|
| 044 |
|
|
|a xo
|c SK
|
| 080 |
|
|
|a 599.4
|2 1981
|
| 100 |
1 |
|
|a Uhrin, Marcel,
|d 1966-
|4 zos
|9 76927
|
| 245 |
1 |
0 |
|a Netopiere (Chiroptera)
|b rozšírenie, početnosť a ochrana na Slovensku : (výberová bibliografia)
|c zostavili: Marcel Uhrin, Eva Polakovičová
|
| 260 |
|
|
|a Banská Bystrica [etc.]
|b Štátna vedecká knižnica [etc.]
|c 2000
|
| 300 |
|
|
|a 230 s.
|c 21x14,5 cm
|
| 500 |
|
|
|a 250 výt.
|
| 504 |
|
|
|a Reg. aut., geografický, názvový a prekladov. Lit. 677 zázn. o čl. v angl., čes., nem., maď., poľ. a slov.
|
| 650 |
0 |
7 |
|a netopiere
|2 SNKPH
|9 26374
|
| 655 |
|
7 |
|a neperiodické bibliografie
|2 SNKPH
|9 60408
|
| 700 |
1 |
|
|a Polakovičová, Eva,
|d 1948-
|4 com
|9 264071
|
| 919 |
|
|
|a 80-85169-46-0
|
| 958 |
|
|
|a RM
|
| 958 |
|
|
|a SF
|
| 999 |
|
|
|c 810680
|d 812610
|
| 952 |
|
|
|t P60, <04>, [BOOK], {604}
|a SNK
|b SNK
|y VYP
|7 0
|p 17A0251819
|o snkSC 102751 D1
|i snkKSP 9995/2000
|0 0
|1 0
|4 0
|d 2000-09-27
|l 0
|r 2005-01-02 00:00:00
|w 2026-02-24
|
| 952 |
|
|
|t P60, <03>, [BOOK], {603}
|a SNK
|b SNK
|y PREZ
|7 0
|p 17A0251818
|o snkSC 102751
|i snkKSP 9994/2000
|0 0
|1 0
|4 0
|d 2000-09-27
|f 1
|l 0
|r 2025-09-24 00:00:00
|w 2026-02-24
|